Poznatky z realizácie pilotného projektu k sčítaniu obyvateľov, domov a bytov v roku 2011

Účel pilotného projektu, jeho fázy, opis testovaných činností a vyhodnotenie prvej fázy projektu, ktorá sa týka zberu údajov.

Salvato in:
Dettagli Bibliografici
Autore principale: Doktoríková, Viera
Natura: Capitolo di libro
Lingua:slovacco
Soggetti:
Tags: Aggiungi Tag
Nessun Tag, puoi essere il primo ad aggiungerne!!

MARC

LEADER 00000naa a2200000 4500
001 0129041
005 20231107114029.9
041 0 |a slo 
044 |a SK 
245 1 0 |a Poznatky z realizácie pilotného projektu k sčítaniu obyvateľov, domov a bytov v roku 2011  |c Viera Doktoríková 
520 |a Účel pilotného projektu, jeho fázy, opis testovaných činností a vyhodnotenie prvej fázy projektu, ktorá sa týka zberu údajov. 
610 2 0 |a sčítanie ľudu 
610 2 0 |a projekty 
610 2 0 |a Slovensko 
100 1 |a Doktoríková, Viera